Statistiques concernant Hymne national

Cliquez ici pour prendre le quiz!

Statistiques générales

  • Ce quiz a été pris 98 fois
  • Le résultat moyen est 9 sur 20

Statistiques - réponses

Nom de l’hymnePaysAnnée d’adoption% Correct
Das Lied der DeutschenAllemagne1922
100%
Fair Antigua, We Salute TheeAntigua-et-Barbuda1975
100%
Himno Nacional ArgentinoArgentine1813
100%
March On, BahamalandBahamas1973
100%
BahrainounaBahreïn1971
100%
Ô CanadaCanada1939 (de facto)
1980 (de jure)
100%
Himno Nacional de ChileChili1828
100%
Himno nacional de ColombiaColombie1920
100%
L'AbidjanaiseCôté d’Ivoire1960
100%
Ertra, Ertra, ErtraÉrythrée1993
100%
Marcha RealEspagne1770
100%
The Star-Spangled BannerÉtats-Unis1814
100%
God Bless FidjiFidji1970
100%
For The Gambia Our HomelandGambie1965
100%
God Bless Our Homeland GhanaGhana1957
100%
Ýmnos is tin Elefterían (Ύμνος εις την Ελευθερίαν)Grèce1865
100%
Hail GrenadaGrenade1974
100%
Guatemala FelizGuatemala1896
100%
Tu bandera es un lampo de cieloHonduras1915
100%
Forever Marshall IslandsÎles Marshall1991
100%
God Save Our Solomon IslandsÎles Salomon1978
100%
MawtiniIrak2004
100%
Amhrán na bhFiannIrlande1926
100%
HatikvahIsraël1948 (de facto)
2004 (de jure)
100%
Fratelli d'ItaliaItalie1946 (de facto)
2017 (de jure)
100%
Jamaica, Land We LoveJamaïque1962
100%
Kimi ga yo (君が代)Japon1880 (de facto)
1999 (de jure)
100%
Meniñ Kazakstanym (Менің Қазақстаным)Kazakhstan2006
100%
Koullouna Lilouataan Lil Oula Lil AlamLiban1927
100%
All Hail, Liberia HailLiberia1847
100%
Ons HeemechtLuxembourg1895
100%
L-Innu MaltiMalte1964
100%
Himno Nacional MexicanoMexique1943
100%
Hymne mongolMongolie1950
100%
Pátria AmadaMozambique2002
100%
La NigérienneNiger1961
100%
Arise Oh Compatriots, Nigeria's Call ObeyNigeria1978
100%
Ja, vi elsker dette landetNorvège1864
100%
God Save the Queen
God Defend New Zealand
Nouvelle-Zélande1841
1977
100%
Nashid as-Salam as-SultaniOman1970
100%
Oh Uganda, Land of BeautyOuganda1963
100%
Paraguayos, República o muerteParaguay1933
100%
A PortuguesaPortugal1911
100%
Debout CongolaisRépublique Démocratique du Congo1960
100%
La CongolaiseRépublique du Congo1959
100%
Hymne national de la RussieRussie2000
100%
Rwanda NzizaRwanda2002
100%
Saint Vincent Land So BeautifulSaint-Vincent-et-les-Grenadines1979
100%
Hymne national du SalvadorSalvador1879
100%
Majulah SingapuraSingapour1959
100%
Sri Lanka MathaSri Lanka1951
100%
Cantique suisseSuisse1961(de facto)
1981 (de jure)
100%
La TchadienneTchad1960
100%
Phleng ChatThaïlande1939
100%
PátriaTimor oriental2002
100%
Koe Fasi Oe Tui Oe Otu TongaTonga1874
100%
Hymne national turkmèneTurkménistan1991
100%
İstiklâl MarşıTurquie1921
100%
Chtche ne vmerla UkraïnyUkraine1917
100%
Inno e Marcia PontificaleVatican1950
100%
Tiến Quân CaViêt Nam1945 ; puis 1976 (après la réunification)
100%
DjiboutiDjibouti1977
80%
LofsöngurIslande1944
75%
Homat el DiyarSyrie1939
75%
Gloria al bravo puebloVenezuela1881
75%
Advance Australia FairAustralie1984
67%
Amar Shonar BanglaBangladesh1972
67%
Bolivianos, El Hado PropicioBolivie1851
67%
Hino Nacional BrasileiroBrésil1922
67%
Indonesia RayaIndonésie1945
67%
Lībiyā, Lībiyā, LībiyāLibye1969
67%
Hymne national de l'OuzbékistanOuzbékistan1991
67%
Tuvalu mo te AtuaTuvalu1978
67%
Stand and Sing of Zambia, Proud and FreeZambie1964
67%
Hymni i FlamuritAlbanie1912
50%
Burundi bwacuBurundi1962
50%
Ύμνος εις την ΕλευθερίανChypre1865
50%
La BayamesaCuba1902
50%
Isle of Beauty, Isle of SplendourDominique1967
50%
Mu isamaa, mu õnn ja rõõmEstonie1920
50%
Whedefit Gesgeshi Woude Henate EthiopiaÉthiopie1992
50%
MaammeFinlande1867
50%
Caminemos Pisando la Senda de Nuestra Inmensa FelicidadGuinée équatoriale1968
50%
Sorud-é Djomhuri-yé EslamiIran1990
50%
Ee Mungu Nguvu YetuKenya1963
50%
Hymne national de la République kirghizeKirghizistan1992
50%
Oben am jungen RheinLiechtenstein1963
50%
Pour l'Afrique et pour toi, MaliMali1962
50%
Himno IstmeñoPanama1925
50%
God Save the QueenRoyaume-Uni1745 (officialisation la plus ancienne)
50%
Le Lion rougeSénégal1960
50%
Mungu ibariki AfrikaTanzanie1961
50%
Humat Al-HimaTunisie1987
50%
Kalibusiswe Ilizwe leZimbabweZimbabwe1994
50%
Nkosi Sikelel'iAfrika/Die StemAfrique du Sud1997
40%
Aash Al MaleekArabie Saudite1950
33%
Jana-Gana-ManaInde1950
33%
Wilhelmus van NassouwePays-Bas1932
33%
Mazurek DąbrowskiegoPologne1926
33%
High We Exalt Thee, Realm of the FreeSierra Leone1961
33%
Nahnu Djundulla DjundulwatanSoudan1956
33%
Forged from the Love of LibertyTrinité-et-Tobago1962
33%
In Plenty and In Time of NeedBarbade1966
25%
Fatshe leno la ronaBotswana1966
25%
Pheng Xat LaoLaos1947
25%
Sons and Daughters of Saint LuciaSainte-Lucie1979
25%
Soomaaliyeey toosooSomalie2000
25%
El Gran CarlemanyAndorre1921
20%
Milli TharanaAfghanistan2006
0%
KassamanAlgérie1963
0%
Angola AvanteAngola1975
0%
Mer HayrenikArménie1991
0%
Land der Berge, Land am StromeAutriche1946
0%
Azərbaycan Respublikasının Dövlət HimniAzerbaïdjan1992
0%
La BrabançonneBelgique1860
0%
Land of the FreeBélize1981
0%
L'Aube NouvelleBénin1960
0%
Druk tsendhenBhoutan1953
0%
My BielaroussyBiélorussie1955
0%
Gba Majay BmaBirmanie1947
0%
IntermecoBosnie-Herzégovine1999
0%
Ya Allah lanjutkan la usia Duli tuankuBrunei1951
0%
Mila RodinoBulgarie1964
0%
DitanyèBurkina Faso1984
0%
NokoreachCambodge1941
Réadopté en 1993
0%
Chant de RalliementCameroun1957
0%
Cântico da LiberdadeCap-Vert1996
0%
义勇军进行曲 (Yìyǒngjūn Jìnxíngqǔ)Chine1949 (provisoirement)
1982 (officiellement)
0%
Udzima wa ya MasiwaComores1978
0%
Chant patriotiqueCorée du Nord1947
0%
AegukgaCorée du Sud1948
0%
Noble patria, tu hermosa banderaCosta Rica1853
0%
Lijepa naša domovinoCroatie1991
0%
Kong Christian stod ved højen mast
Der er et yndigt land
Danemark1780
1835
0%
Bilady, Bilady, BiladyÉgypte1979
0%
Ichy BiladiÉmirats Arabes Unis1971
0%
Salve, Oh PatriaÉquateur1948
0%
Nkulunkulu Mnikati wetibusiso temaSwatiEswatini1968
0%
Patriots of MicronesiaÉtats Fédérés de Micronésie1991
0%
La MarseillaiseFrance1795
0%
La ConcordeGabon1960
0%
TavisouplebaGéorgie2004
0%
LibertéGuinée1958
0%
Esta é a Nossa Pátria Bem AmadaGuinée-Bissau1974
0%
Dear Land of Guyana, of Rivers and PalmsGuyana1966
0%
La DessalinienneHaïti1904
0%
Isten áldd meg a magyartHongrie1844
0%
Te Atua Mou EÎles Cook1982
0%
As-salam al-malaki al-urdoniJordanie1946
0%
République TchèqueKde domov můj?1992
0%
Teirake kaini KiribatiKiribati1979
0%
EuropeKosovo2008
0%
Al-Nasheed Al-WataniKoweït1978
0%
Lesōthō fatše la bo ntat'a rōnaLesotho1967
0%
Dievs, Sveti LatvijuLettonie1920
0%
Tautiska GiesmeLituanie1919
0%
Denes Nad MakedonijaMacédoine du Nord1944
0%
Ry Tanindrazanay malala ôMadagascar1958
0%
Negara KuMalaisie1957
0%
Mlungu salitsani malawiMalawi1964
0%
Gavmii mi ekuverikan matii tibegen kuriime salaamMaldives1972
0%
Anachid el watani (النشيد الوطني)Maroc1956
0%
Mère PatrieMaurice1968
0%
Nachid al-wataniMauritanie1960
0%
Limba noastrăMoldavie1994
0%
Hymne monégasqueMonaco1848
0%
Oj, svijetla majska zoroMonténégro1994
0%
Namibia, Land of the BraveNamibie1991
0%
Nauru BwiemaNauru1968
0%
Sayaun Thunga Phool KaNépal2007
0%
Salve a tiNicaragua1971
0%
Ko e Iki he LagiNiue1974
0%
Qaumi TaranaPakistan1954
0%
Belau rekidPalaos1980
0%
Fida’iPalestine1996
0%
O Arise All You Sons of This LandPapouasie-Nouvelle-Guinée1975
0%
Somos libres, seámoslo siemprePérou1821
0%
Lupang HinirangPhilippine1898
0%
As Salam al AmiriQatar1996
0%
République DominicaineQuisqueyanos valientes1935
0%
La RenaissanceRépublique Centrafricaine1960
0%
Deșteaptă-te, române!Roumanie1989
0%
Oh Land of BeautySaint-Christophe-et-Niévès1983
0%
Inno Nazionale della RepubblicaSaint-Marin1894
0%
The Banner of FreedomSamoa1962
0%
Independência totalSao Tomé-et-Principe1975
0%
Bože PravdeSerbie1904
0%
Koste SeselwaSeychelles1996
0%
Nad Tatrou sa blýskaSlovaquie1993
0%
ZdravljicaSlovénie1989
0%
South Sudan Oyee!Soudan du Sud2011 (le plus récent)
0%
Du gamla, du friaSuède1844
0%
God zij met ons SurinameSuriname1959
0%
Surudi milliTadjikistan1991
0%
San Min Chu-iTaïwan1943
0%
Salut à toi, pays de nos aïeuxTogo1960
0%
Orientales, la Patria o la tumbaUruguay1833
0%
Yumi, Yumi, YumiVanuatu1980
0%
République unieYémen1990
0%

Distribution des résultats

Percentile par nombre de réponses

% des personnes avec chaque résultat

Votre développement - résultats

Vous n’avez pas pris ce quiz